| 000 | 00390nam a2200157Ia 4500 | ||
|---|---|---|---|
| 008 | 131103s9999 xx 000 0 und d | ||
| 040 | _aLoreto College | ||
| 041 | _aEnglish | ||
| 082 |
_aMIS/PET _bLCBED/9166 |
||
| 245 | _aPeter pauper's book of fun | ||
| 260 |
_aNew York _bThe Peter Pauper _c1963 |
||
| 300 |
_a61p. _c 22cm. |
||
| 650 | _aMis | ||
| 850 | _aLCBED/MIS/PET | ||
| 942 | _cBK | ||
| 999 |
_c34390 _d84869 |
||